Boards of Canada - Full Discography - Statistics

General Stats
  • This quiz has been taken 124 times
  • The average score is 120 of 270
Answer Stats
Release Song % Correct
Aquarius (1998) | Music Has the Right to Children (1998) Aquarius
94%
Music Has the Right to Children (1998) | Peel Session (1998) Happy Cycling
88%
A Few Old Tunes (1996) Happy Cycling (Alternate)
88%
Boc Maxima (1996) | Music Has the Right to Children (1998) Roygbiv
88%
Music Has the Right to Children (1998) Bocuma
82%
The Campfire Headphase (2005) | Trans Canada Highway (2006) Dayvan Cowboy
82%
Trans Canada Highway (2006) Dayvan Cowboy (Odd Nosdam Remix)
82%
Boc Maxima (1996) | Hi Scores (1996) Everything You Do Is A Balloon
82%
In a Beautiful Place Out in the Country (2000) In a Beautiful Place Out in the Country
82%
Music Has the Right to Children (1998) Olson
82%
Music Has the Right to Children (1998) An Eagle in Your Mind
76%
Geogaddi (2002) Magic Window
76%
Geogaddi (2002) Music Is Math
76%
Geogaddi (2002) 1969
71%
In a Beautiful Place Out in the Country (2000) Amo Bishop Roden
71%
Geogaddi (2002) Julie And Candy
71%
Music Has the Right to Children (1998) Telephasic Workshop
71%
Geogaddi (2002) The Devil Is In The Details
71%
Twoism (1995) Twoism
71%
Boc Maxima (1996) | Music Has the Right to Children (1998) Wildlife Analysis
71%
Geogaddi (2002) Alpha And Omega
65%
Peel Session (1998) Aquarius (Version 3)
65%
Geogaddi (2002) Beware The Friendly Stranger
65%
Geogaddi (2002) Dandelion
65%
Geogaddi (2002) Dawn Chorus
65%
Geogaddi (2002) Gyroscope
65%
Old Tunes Vol. 2 (1996) Hiscores
65%
Hi Scores (1996) Hi Scores
65%
Trans Canada Highway (2006) Left Side Drive
65%
Tomorrow's Harvest (2013) Nothing Is Real
65%
Geogaddi (2002) Over The Horizon Radar
65%
The Campfire Headphase (2005) Peacock Tail
65%
Music Has the Right to Children (1998) Pete Standing Alone
65%
Geogaddi (2002) Ready Lets Go
65%
Music Has the Right to Children (1998) The Color of the Fire
65%
Music Has the Right to Children (1998) Triangles and Rhombuses
65%
Boc Maxima (1996) | Hi Scores (1996) | Music Has the Right to Children (1998) Turquoise Hexagon Sun
65%
Peel Session (1998) XYZ
65%
Geogaddi (2002) You Could Feel the Sky
65%
Boc Maxima (1996) Boc Maxima
59%
Geogaddi (2002) Corsair
59%
Geogaddi (2002) Energy Warning
59%
In a Beautiful Place Out in the Country (2000) Kid For Today
59%
Twoism (1995) Melissa Juice
59%
Boc Maxima (1996) | Hi Scores (1996) Nlogax
59%
Peel Session (1998) Olson (Version 3)
59%
Boc Maxima (1996) | Music Has the Right to Children (1998) One Very Important Thought
59%
Old Tunes Vol. 2 (1996) Orange Hexagon Sun
59%
Warp100. We Are Reasonable People (1998) Orange Romeda
59%
A Few Old Tunes (1996) | Boc Maxima (1996) Rodox Video
59%
Hi Scores (1996) | Twoism (1995) Seeya Later
59%
Boc Maxima (1996) | Twoism (1995) Sixtyniner
59%
Music Has the Right to Children (1998) | Twoism (1995) Smokes Quantity
59%
Geogaddi (2002) Sunshine Recorder
59%
Geogaddi (2002) The Beach At Redpoint
59%
Trans Canada Highway (2006) Under The Coke Sign
59%
Twoism (1995) 1986 Summer Fire
53%
Geogaddi (2002) A Is To B As B Is To C
53%
Geogaddi (2002) Diving Station
53%
Acid Memories (1989) Duffy
53%
The Campfire Headphase (2005) Farewell Fire
53%
Tomorrow's Harvest (2013) Gemini
53%
Trans Canada Highway (2006) Heard From Telegraph Lines
53%
The Campfire Headphase (2005) Hey Saturday Sun
53%
The Campfire Headphase (2005) Into the Rainbow Vein
53%
Geogaddi (2002) I Saw Drones
53%
Tomorrow's Harvest (2013) Jacquard Causeway
53%
Music Has the Right to Children (1998) Kaini Industries
53%
Tomorrow's Harvest (2013) Palace Posy
53%
Tomorrow's Harvest (2013) Reach For The Dead
53%
Boc Maxima (1996) Red Moss
53%
Music Has the Right to Children (1998) Rue the Whirl
53%
Music Has the Right to Children (1998) Sixtyten
53%
Trans Canada Highway (2006) Skyliner
53%
The Campfire Headphase (2005) Tears from the Compound Eye
53%
Tomorrow's Harvest (2013) Telepath
53%
Geogaddi (2002) The Smallest Weird Number
53%
Random 35 Tracks Tape (1995?) The Smallest Weird Number (Reversed)
53%
A Few Old Tunes (1996) Trapped
53%
Boc Maxima (1996) Whitewater
53%
In a Beautiful Place Out in the Country (2000) Zoetrope
53%
The Campfire Headphase (2005) 84 Pontiac Dream
47%
The Campfire Headphase (2005) Ataronchronon
47%
Twoism (1995) Basefree
47%
The Campfire Headphase (2005) Chromakey Dreamcoat
47%
Hooper Bay (1994) Circle
47%
Closes Vol. 1 (1992) Close1
47%
Closes Vol. 1 (1992) Close2
47%
Closes Vol. 1 (1992) Close3
47%
Closes Vol. 1 (1992) Close4
47%
A Few Old Tunes (1996) Forest Moon
47%
Twoism (1995) Iced Cooly
47%
Geogaddi (2002) In The Annexe
47%
Boc Maxima (1996) | Hi Scores (1996) June 9th
47%
The Campfire Headphase (2005) Macquarie Ridge
47%
Hooper Bay (1994) Noatak
47%
Twoism (1995) Oirectine
47%
Geogaddi (2002) Opening The Mouth
47%
Music Has the Right to Children (1998) Open the Light
47%
A Few Old Tunes (1996) | Boc Maxima (1996) Original Nlogax
47%
The Campfire Headphase (2005) Oscar See through Red Eye
47%
Warp20 (Unheard) (2009) Seven Forty Seven
47%
The Campfire Headphase (2005) Slow This Bird Down
47%
Tomorrow's Harvest (2013) White Cyclosa
47%
Closes Vol. 1 (1992) 5d
41%
Random 35 Tracks Tape (1995?) A01
41%
Random 35 Tracks Tape (1995?) A03
41%
Random 35 Tracks Tape (1995?) B01
41%
Random 35 Tracks Tape (1995?) B02
41%
Random 35 Tracks Tape (1995?) B04
41%
Random 35 Tracks Tape (1995?) B12
41%
Aquarius (1998) | Boc Maxima (1996) Chinook
41%
Tomorrow's Harvest (2013) Cold Earth
41%
Tomorrow's Harvest (2013) Collapse
41%
Tomorrow's Harvest (2013) Come To Dust
41%
Boc Maxima (1996) Concourse
41%
The Campfire Headphase (2005) Constants Are Changing
41%
A Few Old Tunes (1996) Devil
41%
Geogaddi (2002) From One Source All Things Depend
41%
A Few Old Tunes (1996) I Love U
41%
A Few Old Tunes (1996) | Random 35 Tracks Tape (1995?) I Will Get It Tattooed
41%
Tomorrow's Harvest (2013) New Seeds
41%
Catalog 3 (1987) Powerline
41%
The Campfire Headphase (2005) Satellite Anthem Icarus
41%
Tomorrow's Harvest (2013) Semena Mertvykh
41%
The Campfire Headphase (2005) Sherbet Head
41%
Tomorrow's Harvest (2013) Sick Times
41%
A Few Old Tunes (1996) | Boc Maxima (1996) Skimming Stones
41%
Tomorrow's Harvest (2013) Transmisiones Ferox
41%
Tomorrow's Harvest (2013) Uritual
41%
Old Tunes Vol. 2 (1996) We've Started Up
41%
Play By Numbers (1994) Wouldn't You Like To Be Free?
41%
A Few Old Tunes (1996) 5.9.78
35%
Random 35 Tracks Tape (1995?) A04
35%
Random 35 Tracks Tape (1995?) A06
35%
Random 35 Tracks Tape (1995?) A07
35%
Random 35 Tracks Tape (1995?) A08
35%
Random 35 Tracks Tape (1995?) A09
35%
Random 35 Tracks Tape (1995?) A10
35%
Random 35 Tracks Tape (1995?) A12
35%
Random 35 Tracks Tape (1995?) A13
35%
Random 35 Tracks Tape (1995?) A14
35%
The Campfire Headphase (2005) A Moment of Clarity
35%
Random 35 Tracks Tape (1995?) B05
35%
Random 35 Tracks Tape (1995?) B06
35%
Random 35 Tracks Tape (1995?) B07
35%
Random 35 Tracks Tape (1995?) B08
35%
Random 35 Tracks Tape (1995?) B09
35%
Random 35 Tracks Tape (1995?) B11
35%
Random 35 Tracks Tape (1995?) B14
35%
Random 35 Tracks Tape (1995?) B15
35%
Random 35 Tracks Tape (1995?) B16
35%
Random 35 Tracks Tape (1995?) B18
35%
Random 35 Tracks Tape (1995?) B19
35%
Random 35 Tracks Tape (1995?) B20
35%
A Few Old Tunes (1996) Blockbusters
35%
A Few Old Tunes (1996) Boqurant
35%
A Few Old Tunes (1996) | Boc Maxima (1996) Carcan
35%
Catalog 3 (1987) Drone 18
35%
Catalog 3 (1987) Drone 2
35%
Acid Memories (1989) Echo The Sun
35%
A Few Old Tunes (1996) | Random 35 Tracks Tape (1995?) Finity
35%
Old Tunes Vol. 2 (1996) Fly In The Pool
35%
Closes Vol. 1 (1992) Focus On The Spiral
35%
Closes Vol. 1 (1992) Godever
35%
Old Tunes Vol. 2 (1996) Iraq Says
35%
A Few Old Tunes (1996) Light, Clear Hair
35%
Boc Maxima (1996) Niagara
35%
A Few Old Tunes (1996) | Boc Maxima (1996) Nova Scotia Robots
35%
A Few Old Tunes (1996) P:C:
35%
Hooper Bay (1994) Point Hope
35%
Play By Numbers (1994) Remmy Kid
35%
A Few Old Tunes (1996) | Random 35 Tracks Tape (1995?) She Is P
35%
Old Tunes Vol. 2 (1996) Sir Prancelot Brainfire
35%
A Few Old Tunes (1996) Spectrum
35%
Tomorrow's Harvest (2013) Split Your Infinities
35%
Acid Memories (1989) Stry Craty Bya
35%
Tomorrow's Harvest (2013) Sundown
35%
Closes Vol. 1 (1992) Treeline
35%
Catalog 3 (1987) Visual Drone 12
35%
Old Tunes Vol. 2 (1996) Buckie High
29%
A Few Old Tunes (1996) | Random 35 Tracks Tape (1995?) Davie Addison
29%
Closes Vol. 1 (1992) Eye / Ear
29%
Old Tunes Vol. 2 (1996) Geometric Piss
29%
Acid Memories (1989) Growing Hand
29%
Closes Vol. 1 (1992) Helios Sound
29%
Play By Numbers (1994) Infinite Lines of Colourful Sevens
29%
Closes Vol. 1 (1992) Ithcus Sound
29%
Random 35 Tracks Tape (1995?) It's Too Orangey
29%
A Few Old Tunes (1996) King Of Carnival
29%
Catalog 3 (1987) Line Two
29%
A Few Old Tunes (1996) | Boc Maxima (1996) M9
29%
Play By Numbers (1994) Numerator
29%
Closes Vol. 1 (1992) Numerator (Original)
29%
Old Tunes Vol. 2 (1996) Powerline Misfortune
29%
Catalog 3 (1987) Press
29%
A Few Old Tunes (1996) Sequoia
29%
Hooper Bay (1994) Seward Leaf
29%
Old Tunes Vol. 2 (1996) Statue Of Liberty
29%
Closes Vol. 1 (1992) Trillions
29%
A Few Old Tunes (1996) Up The March Bank
29%
A Few Old Tunes (1996) Wendy Miller
29%
Random 35 Tracks Tape (1995?) Blueberry
24%
Old Tunes Vol. 2 (1996) Bmx Track
24%
Catalog 3 (1987) Breach Tones
24%
Old Tunes Vol. 2 (1996) Dave (I'm A Real Traditionalist)
24%
Old Tunes Vol. 2 (1996) David Came To Mahana'im
24%
Play By Numbers (1994) Echelon
24%
Hooper Bay (1994) Geiser
24%
Old Tunes Vol. 2 (1996) Heysanna Hosanna
24%
A Few Old Tunes (1996) | Random 35 Tracks Tape (1995?) House Of Abin'adab
24%
Old Tunes Vol. 2 (1996) Iced Cooly Beatnik
24%
Old Tunes Vol. 2 (1996) I Love My New Shears
24%
Old Tunes Vol. 2 (1996) It's A Whole 'Nother Year
24%
Old Tunes Vol. 2 (1996) Jimbo Rehearsing
24%
Old Tunes Vol. 2 (1996) Lick
24%
Old Tunes Vol. 2 (1996) Magic Teens
24%
A Few Old Tunes (1996) Mansel
24%
Old Tunes Vol. 2 (1996) Mukinabaht
24%
Old Tunes Vol. 2 (1996) Music For Pylons
24%
Old Tunes Vol. 2 (1996) Northern Plastics
24%
Acid Memories (1989) Petina
24%
A Few Old Tunes (1996) Sac
24%
Old Tunes Vol. 2 (1996) Solarium
24%
Old Tunes Vol. 2 (1996) Staircase Whip
24%
Catalog 3 (1987) Stowed Under
24%
Closes Vol. 1 (1992) Tends Towards
24%
A Few Old Tunes (1996) The Way You Show
24%
Old Tunes Vol. 2 (1996) To The Wind
24%
Closes Vol. 1 (1992) True Map
24%
Old Tunes Vol. 2 (1996) Zander Two
24%
Old Tunes Vol. 2 (1996) Alpha Rainbow
18%
Old Tunes Vol. 2 (1996) Apparatus
18%
Closes Vol. 1 (1992) Fonec
18%
Closes Vol. 1 (1992) Found The Way
18%
Acid Memories (1989) Helter Skater
18%
Old Tunes Vol. 2 (1996) Kiteracer 2
18%
Old Tunes Vol. 2 (1996) Mushyz
18%
Old Tunes Vol. 2 (1996) Nine-Rubber Wisdom
18%
Old Tunes Vol. 2 (1996) North Sea Arbeit
18%
Old Tunes Vol. 2 (1996) On A Rolling Sea
18%
Old Tunes Vol. 2 (1996) Peace-Tony-Devil
18%
Old Tunes Vol. 2 (1996) Breaking Nehushtan
12%
A Few Old Tunes (1996) Paul Russell's Place
12%
No matching quizzes found
Score Distribution
Percent of People with Each Score
Percentile by Number Answered
Your Score History
You have not taken this quiz